La enseñanza de la matemática en el jardín de infantes : (Record no. 155455)
[ view plain ]
| 000 -CABECERA | |
|---|---|
| campo de control de longitud fija | 00765nam a2200217 u 4500 |
| 005 - FECHA Y HORA DE LA ÚLTIMA TRANSACCIÓN | |
| campo de control | 20240807063739.0 |
| 008 - ELEMENTOS DE LONGITUD FIJA--INFORMACIÓN GENERAL | |
| campo de control de longitud fija | 120208s2008 mx r 000 0 spa d |
| 020 ## - NÚMERO INTERNACIONAL NORMALIZADO PARA LIBROS | |
| Número Internacional Estándar del Libro | 9789681871952 |
| 035 ## - NÚMERO DE CONTROL DEL SISTEMA | |
| Número de control de sistema | UPN01000183352 |
| 049 ## - COLECCIÓN | |
| Colección | CG |
| 050 #4 - SIGNATURA TOPOGRÁFICA DE LA BIBLIOTECA DEL CONGRESO | |
| Número de clasificación | LB1186 |
| Número de documento/Ítem | G6.36a |
| 100 1# - ASIENTO PRINCIPAL--NOMBRE PERSONAL | |
| Nombre de persona | González, Adriana |
| 9 (RLIN) | 39727 |
| 245 13 - MENCIÓN DE TÍTULO | |
| Título | La enseñanza de la matemática en el jardín de infantes : |
| Resto del título | a través de secuencias didácticas / |
| Mención de responsabilidad, etc. | Adriana González, Edith Weinstein. |
| 260 ## - PUBLICACIÓN, DISTRIBUCIÓN, ETC. | |
| Lugar de publicación, distribución, etc. | México : |
| Nombre del editor, distribuidor, etc. | Homosapiens : |
| -- | Limusa, |
| Fecha de publicación, distribución, etc. | c2008. |
| 300 ## - DESCRIPCIÓN FÍSICA | |
| Extensión | 256 p. : |
| Otras características físicas | il., cuadros |
| 650 #4 - ASIENTO SECUNDARIO DE MATERIA - TERMINO TEMATICO | |
| Término de materia o nombre geográfico como elemento de entrada | Matemáticas |
| Subdivisión general | Estudio y enseñanza (Preescolar) |
| 9 (RLIN) | 4038 |
| 650 #4 - ASIENTO SECUNDARIO DE MATERIA - TERMINO TEMATICO | |
| Término de materia o nombre geográfico como elemento de entrada | Matemáticas |
| Subdivisión de forma | Problemas, ejercicios, etc. |
| 9 (RLIN) | 3580 |
| 700 1# - ASIENTO SECUNDARIO--NOMBRE DE PERSONAL | |
| Nombre de persona | Weinstein, Edith, |
| Término indicativo de función/relación | coaut. |
| 905 ## - TIPO DE MATERIAL | |
| Tipo de material | Libro |
| Estado de retiro | Estado de pérdida | Fuente del sistema de clasificación o colocación | Estado dañado | No para préstamo | Código de colección | Localización permanente | Ubicación/localización actual | Ubicación en estantería | Total de préstamos | Clasificación | Código de barras | Fecha visto por última vez | Número de copia | Tipo de ítem Koha |
|---|---|---|---|---|---|---|---|---|---|---|---|---|---|---|
| Library of Congress Classification | Colección General | Bib. Gregorio Torres Quintero | Bib. Gregorio Torres Quintero | Planta baja | 4 | LB1186 G6.36a | 306485 | 31/12/2020 | 1 | Libro | ||||
| Library of Congress Classification | Colección General | Bib. Gregorio Torres Quintero | Bib. Gregorio Torres Quintero | Planta baja | 9 | LB1186 G6.36a | 280412 | 31/12/2020 | 1 | Libro |
